Výskyt protuberancií na Slnku a geomagnetická aktivita v rokoch 1967-1996

Bibliographic Details
Main Authors: Lukáč, Bohuslav, 1943-2009 (Author), Dorotovič, I. (Author)
Format: Article
Language:Slovak
ISBN:8085221349

MARC

LEADER 00000naa a2200000uu 4500
001 vtls010950361
003 SK-MaSNL
005 20260302140724.0
008 210906|1999 xo |||||||||||||||||slo|
015 |a SNBRA 
035 |a (urnnbn)urn:nbn:sk:snk:ar-a0bj6d 
035 |a (uuid)f694c124-4adc-42cd-892b-de1c52259061 
035 |a urn:nbn:sk:snk-aaub8d 
040 |a SNKBUCL  |b slo  |c SNKBUCL  |e AACR2 
041 0 |a slo 
044 |a xo  |c SK 
100 1 |a Lukáč, Bohuslav,  |d 1943-2009  |4 aut  |9 105673 
245 1 0 |a Výskyt protuberancií na Slnku a geomagnetická aktivita v rokoch 1967-1996  |c B. Lukáč, I. Dorotovič 
700 1 |a Dorotovič, I.  |4 aut  |9 780940 
773 0 |t 14. Celoštátny slnečný seminár, Stará Lesná 1998  |d Hurbanovo : Slovenská ústredná hvezdáreň, 1999  |g S. 196-198  |z 8085221349 
958 |a OND 
958 |a article11 
958 |a chapter 
999 |c 1332098  |d 1334028